Marketing Management Cases, (Record no. 6247)

MARC details
005 - DATE AND TIME OF LATEST TRANSACTION
control field 20250629100518.0
020 ## - INTERNATIONAL STANDARD BOOK NUMBER
International Standard Book Number 0-07-249980-X
082 ## - DEWEY DECIMAL CLASSIFICATION NUMBER
Classification number 658.8 DOL
100 ## - MAIN ENTRY--PERSONAL NAME
Author name DOLAN, R.J.
245 ## - TITLE STATEMENT
Title Marketing Management Cases,
260 ## - PUBLICATION, DISTRIBUTION, ETC.
Place of publication, distribution, etc. New York,
Name of publisher, distributor, etc. McGraw-Hill Irwin,
Date of publication, distribution, etc. 2002.
300 ## - PHYSICAL DESCRIPTION
Extent viii; 499p: ill; Figure, Table,
Dimensions 25cm.
942 ## - ADDED ENTRY ELEMENTS (KOHA)
Source of classification or shelving scheme Dewey Decimal Classification
Koha item type Books
Holdings
Date last seen Total checkouts Full call number Barcode Cost, replacement price Price effective from Koha item type Lost status Source of classification or shelving scheme Damaged status Not for loan Withdrawn status Home library Current library Shelving location Date acquired Cost, normal purchase price
06/29/2025   658.8 DOL DOM0004143 135000.00 06/29/2025 Books   Dewey Decimal Classification       CBE Dodoma CBE Dodoma General Collection 06/29/2015 45000.00
06/29/2025   658.8 DOL DOM0004144 135000.00 06/29/2025 Books   Dewey Decimal Classification       CBE Dodoma CBE Dodoma General Collection 06/29/2015 45000.00
06/29/2025   658.8 DOL DOM0004434 135000.00 06/29/2025 Books   Dewey Decimal Classification       CBE Dodoma CBE Dodoma General Collection 06/29/2015 45000.00
06/29/2025   658.8 DOL DOM0004435 135000.00 06/29/2025 Books   Dewey Decimal Classification       CBE Dodoma CBE Dodoma General Collection 06/29/2015 45000.00
06/29/2025   658.8 DOL DOM0003874 135000.00 06/29/2025 Books   Dewey Decimal Classification       CBE Dodoma CBE Dodoma General Collection 06/29/2015 45000.00